[Event "18. Obert Pobla de Lillet 2008"]
[Site "La Pobla de Lillet ESP"]
[Date "2008.08.09"]
[Round "8.18"]
[White "Cerdans Costa, Ferran"]
[Black "Garcia Galeote, Lorenzo"]
[Result "0-1"]
[WhiteElo "1906"]
[BlackElo "2037"]
[PlyCount "96"]
[EventDate "2008.08.02"]
[EventType "swiss"]
[EventRounds "9"]
[EventCountry "ESP"]
[SourceTitle "Ajedrez en Madrid"]
[Source "lmi"]
[SourceDate "2008.08.02"]
[SourceVersion "1"]
[SourceVersionDate "2020.06.30"]
[SourceQuality "1"]

1. d4 Nc6 2. c4 e5 3. dxe5 Bb4+ 4. Nd2 Nxe5 5. e3 Nf6 6. a3 Be7 7. Ngf3 Ng6 8.
Be2 O-O 9. O-O d5 10. Qc2 c6 11. b3 Bg4 12. Bb2 dxc4 13. Nxc4 Qc7 14. h3 Be6
15. Rfd1 Rad8 16. Nce5 Qc8 17. Nxg6 hxg6 18. Ng5 Nd5 19. Nxe6 Qxe6 20. Bc4 f5
21. Bxd5 Rxd5 22. Rxd5 Qxd5 23. Rd1 Qe6 24. b4 Rd8 25. Rxd8+ Bxd8 26. Bd4 a6
27. Qc3 Bf6 28. f3 Qd6 29. Bxf6 Qxf6 30. Qd4 Qxd4 31. exd4 Kf7 32. Kf2 Ke6 33.
Ke3 Kd5 34. g4 Kc4 35. Kf4 Kxd4 36. gxf5 gxf5 37. Kxf5 b6 38. h4 c5 39. bxc5
bxc5 40. h5 c4 41. Kg6 c3 42. Kxg7 c2 43. h6 c1=Q 44. h7 Qg5+ 45. Kf8 Qh6+ 46.
Kg8 Qg6+ 47. Kh8 Kc4 48. f4 Kb3 0-1

[Event "18. Obert Pobla de Lillet 2008"]
[Site "La Pobla de Lillet ESP"]
[Date "2008.08.09"]
[Round "8.20"]
[White "Montero Montero, Juan J"]
[Black "Guasch Murtra, Josep M|_"]
[Result "0-1"]
[WhiteElo "1705"]
[BlackElo "2038"]
[PlyCount "40"]
[EventDate "2008.08.02"]
[EventType "swiss"]
[EventRounds "9"]
[EventCountry "ESP"]
[SourceTitle "Ajedrez en Madrid"]
[Source "lmi"]
[SourceDate "2008.08.02"]
[SourceVersion "1"]
[SourceVersionDate "2020.06.30"]
[SourceQuality "1"]

1. e4 e5 2. Nf3 Nc6 3. d4 exd4 4. Nxd4 Bc5 5. Be3 Qf6 6. c3 Nge7 7. Nb5 Bxe3 8.
Nxc7+ Kd8 9. fxe3 Kxc7 10. Qg4 d6 11. Qg3 Ng6 12. Kd2 Qh4 13. Qf3 Nge5 14. Qe2
Qxe4 15. Na3 a6 16. h3 Be6 17. Rg1 Rad8 18. b4 Nxb4 19. cxb4 Qxb4+ 20. Kd1 Qxa3
0-1

[Event "18. Obert Pobla de Lillet 2008"]
[Site "La Pobla de Lillet ESP"]
[Date "2008.08.10"]
[Round "9.2"]
[White "Reinaldo Castiñeira, Roi"]
[Black "Matnadze, Ana"]
[Result "1-0"]
[WhiteElo "2504"]
[BlackElo "2411"]
[PlyCount "63"]
[EventDate "2008.08.02"]
[EventType "swiss"]
[EventRounds "9"]
[EventCountry "ESP"]
[SourceTitle "Ajedrez en Madrid"]
[Source "lmi"]
[SourceDate "2008.08.02"]
[SourceVersion "1"]
[SourceVersionDate "2020.06.30"]
[SourceQuality "1"]

1. e4 c5 2. Nc3 d6 3. Nge2 Nc6 4. d4 cxd4 5. Nxd4 Nf6 6. Bg5 e6 7. Qd2 Qb6 8.
Nb3 a6 9. O-O-O Be7 10. f4 O-O 11. Qe1 Ng4 12. Bxe7 Nxe7 13. Rd2 e5 14. f5 Nf6
15. g4 Nxg4 16. Qg3 Nf6 17. Rg2 g6 18. Nd2 d5 19. Qxe5 Re8 20. fxg6 fxg6 21.
Bd3 Bh3 22. Rg3 Bd7 23. Qg5 d4 24. Ne2 Kg7 25. Nc4 Qc7 26. Rf1 Nxe4 27. Bxe4
Qxc4 28. Qf6+ Kg8 29. Bxg6 Nxg6 30. Rxg6+ hxg6 31. Qxg6+ Kh8 32. Qh6+ 1-0

[Event "18. Obert Pobla de Lillet 2008"]
[Site "La Pobla de Lillet ESP"]
[Date "2008.08.10"]
[Round "9.3"]
[White "Movsziszian, Karen"]
[Black "Tarrago Antoni, Maurici"]
[Result "1-0"]
[WhiteElo "2560"]
[BlackElo "2219"]
[PlyCount "55"]
[EventDate "2008.08.02"]
[EventType "swiss"]
[EventRounds "9"]
[EventCountry "ESP"]
[SourceTitle "Ajedrez en Madrid"]
[Source "lmi"]
[SourceDate "2008.08.02"]
[SourceVersion "1"]
[SourceVersionDate "2020.06.30"]
[SourceQuality "1"]

1. g3 Nf6 2. Bg2 d5 3. Nf3 e6 4. O-O Be7 5. d3 b6 6. Nbd2 Bb7 7. e4 dxe4 8.
dxe4 c5 9. Re1 Nc6 10. e5 Nd5 11. c3 Qd7 12. Ne4 h6 13. Qe2 Rd8 14. a3 Nc7 15.
b4 O-O 16. bxc5 bxc5 17. Be3 Nd4 18. Nxd4 cxd4 19. cxd4 Nd5 20. Bd2 Rfe8 21.
Qg4 Kh8 22. Qh5 Bf8 23. Rab1 Ba8 24. Rb3 Rb8 25. Rf3 Kg8 26. g4 Rb2 27. Bxh6
gxh6 28. g5 1-0

[Event "18. Obert Pobla de Lillet 2008"]
[Site "La Pobla de Lillet ESP"]
[Date "2008.08.10"]
[Round "9.4"]
[White "Granados Gomez, Manuel"]
[Black "Danelia, Mariam"]
[Result "1-0"]
[WhiteElo "2407"]
[BlackElo "2185"]
[PlyCount "81"]
[EventDate "2008.08.02"]
[EventType "swiss"]
[EventRounds "9"]
[EventCountry "ESP"]
[SourceTitle "Ajedrez en Madrid"]
[Source "lmi"]
[SourceDate "2008.08.02"]
[SourceVersion "1"]
[SourceVersionDate "2020.06.30"]
[SourceQuality "1"]

1. c4 g6 2. g3 Bg7 3. Bg2 c5 4. Nc3 Nc6 5. Rb1 a6 6. a3 e6 7. b4 cxb4 8. axb4
Nge7 9. b5 axb5 10. Nxb5 O-O 11. Nf3 d5 12. cxd5 exd5 13. O-O Bf5 14. d3 Qd7
15. Re1 Ra6 16. Bf4 h6 17. h4 Rd8 18. Qd2 Kh7 19. Nd6 Rda8 20. Nxf7 Ra2 21. Qc1
Ng8 22. Nd6 R8a7 23. Nxf5 Qxf5 24. e4 dxe4 25. dxe4 Qa5 26. Be3 Ra8 27. Rxb7
Rc8 28. Qb1 Nge7 29. Qb5 Qc3 30. Rc1 Ra1 31. Rxa1 Qxa1+ 32. Kh2 Rd8 33. h5 Qf6
34. hxg6+ Qxg6 35. Nh4 Qf6 36. Nf5 Rd1 37. Nxe7 Nxe7 38. Qh5 Ra1 39. e5 Qf5 40.
Qxf5+ Nxf5 41. Be4 1-0

[Event "18. Obert Pobla de Lillet 2008"]
[Site "La Pobla de Lillet ESP"]
[Date "2008.08.10"]
[Round "9.5"]
[White "Perez Campos, Adria"]
[Black "Companyo Pagerols, Josep M"]
[Result "1-0"]
[WhiteElo "2206"]
[BlackElo "2090"]
[PlyCount "47"]
[EventDate "2008.08.02"]
[EventType "swiss"]
[EventRounds "9"]
[EventCountry "ESP"]
[SourceTitle "Ajedrez en Madrid"]
[Source "lmi"]
[SourceDate "2008.08.02"]
[SourceVersion "1"]
[SourceVersionDate "2020.06.30"]
[SourceQuality "1"]

1. c4 e6 2. e4 b6 3. Nc3 Bb7 4. d4 Bb4 5. Qc2 Qh4 6. d5 f5 7. exf5 exd5 8. Nf3
Qe4+ 9. Qxe4+ dxe4 10. Nd4 Bxc3+ 11. bxc3 a6 12. Bf4 c5 13. Nb3 Ne7 14. Bc7 Nc8
15. Rd1 Rf8 16. g4 e3 17. Rg1 exf2+ 18. Kxf2 Ke7 19. Bf4 d6 20. Bd3 Nd7 21. g5
b5 22. Rde1+ Kd8 23. Na5 Kc7 24. Nxb7 1-0

[Event "18. Obert Pobla de Lillet 2008"]
[Site "La Pobla de Lillet ESP"]
[Date "2008.08.10"]
[Round "9.9"]
[White "Capellades Subirana, Marc"]
[Black "Duran Burniol, Joan"]
[Result "1-0"]
[WhiteElo "2265"]
[BlackElo "1974"]
[PlyCount "99"]
[EventDate "2008.08.02"]
[EventType "swiss"]
[EventRounds "9"]
[EventCountry "ESP"]
[SourceTitle "Ajedrez en Madrid"]
[Source "lmi"]
[SourceDate "2008.08.02"]
[SourceVersion "1"]
[SourceVersionDate "2020.06.30"]
[SourceQuality "1"]

1. e4 e6 2. d4 d5 3. Nd2 Nf6 4. e5 Nfd7 5. Bd3 c5 6. c3 Nc6 7. Ne2 cxd4 8. cxd4
f6 9. exf6 Nxf6 10. O-O Bd6 11. Kh1 O-O 12. f4 Ng4 13. Nf3 Ne7 14. h3 Nh6 15.
Qe1 Ng6 16. Bxg6 hxg6 17. Ne5 Kh7 18. g4 Nf7 19. Bd2 Nxe5 20. fxe5 Be7 21. Qg3
g5 22. Qd3+ g6 23. Kg2 Bd7 24. Rxf8 Qxf8 25. Rf1 Qe8 26. Qe3 Bb5 27. Rf3 Bxe2
28. Qxe2 Kg7 29. Qe3 Rc8 30. Qb3 Qd7 31. Be3 Qc6 32. Rf2 b6 33. Qd1 Qd7 34. Qd2
Qd8 35. Kg1 Qh8 36. Bxg5 Qd8 37. Bh6+ Kg8 38. Qd3 Qe8 39. Bd2 Kg7 40. Rh2 g5
41. Be3 Qg6 42. Qxg6+ Kxg6 43. Kf1 Rf8+ 44. Ke2 Kf7 45. Rh1 Rh8 46. Kd3 Rc8 47.
Rf1+ Ke8 48. Bd2 Kd7 49. Rf7 Ke8 50. Rh7 1-0

[Event "18. Obert Pobla de Lillet 2008"]
[Site "La Pobla de Lillet ESP"]
[Date "2008.08.10"]
[Round "9.15"]
[White "Guasch Murtra, Josep M|_"]
[Black "Garcia Galeote, Lorenzo"]
[Result "1/2-1/2"]
[WhiteElo "2038"]
[BlackElo "2037"]
[PlyCount "82"]
[EventDate "2008.08.02"]
[EventType "swiss"]
[EventRounds "9"]
[EventCountry "ESP"]
[SourceTitle "Ajedrez en Madrid"]
[Source "lmi"]
[SourceDate "2008.08.02"]
[SourceVersion "1"]
[SourceVersionDate "2020.06.30"]
[SourceQuality "1"]

1. d4 d5 2. c4 e6 3. Nf3 Nf6 4. Nc3 Be7 5. cxd5 exd5 6. Bg5 c6 7. e3 Nh5 8.
Bxe7 Qxe7 9. Be2 O-O 10. O-O Nf6 11. a3 Bg4 12. Ne5 Bxe2 13. Qxe2 Ne4 14. Rac1
Nd7 15. Nd3 f5 16. b4 Nxc3 17. Rxc3 f4 18. Ne1 Rf6 19. Qd2 Raf8 20. exf4 Rxf4
21. Rf3 Qe4 22. Rxf4 Qxf4 23. Qxf4 Rxf4 24. Nf3 Re4 25. Re1 Nf6 26. Kf1 h6 27.
Rb1 a6 28. h3 Ne8 29. Rb3 Nd6 30. Rd3 Nc4 31. Nd2 Nxd2+ 32. Rxd2 Kf7 33. Rd3
Kf6 34. f3 Re6 35. Kf2 h5 36. Re3 h4 37. Rc3 Kf5 38. Rd3 Kf4 39. Rc3 Re8 40.
Rd3 Re6 41. Rc3 Re8 1/2-1/2